Estudio y mejoramiento de la infraestructura vial del sector zona franca Las Mercedes

Presenta un estudio de mejoramiento de la infraestructura vial del sector zona franca las mercedes la cual tiene como objetivo ayudar al ordenamiento y descongestionamiento de los vehículos en esa zona, ya que por este sector transitan un volumen alto de vehículos livianos y pesados que penetran e...

Full description

Bibliographic Details
Main Author: Paredes González, Marcela Azucena
Other Authors: Tutor: Bustamante Arteaga, José Fernando
Format: Tesis Section = Libro
Language:Undetermined
Spanish
Published: Managua UNI 2005
Subjects:
LEADER 01562nam a2200265Ia 4500
008 240830s9999 xx 000 0 und d
040 |a BIBLIOTECA-RUPAP Mon 388.31 P227 
041 |a spa 
082 |a Mon 388.31 P227 
100 1 |a Paredes González, Marcela Azucena 
245 1 0 |a Estudio y mejoramiento de la infraestructura vial del sector zona franca Las Mercedes 
260 |a Managua  |b UNI  |c 2005 
300 |a 85 p. :il. 
500 |a Contiene: anexos. 
502 |a Tesis (Ingeniero Civil)- UNI, 2005. 
520 3 |a Presenta un estudio de mejoramiento de la infraestructura vial del sector zona franca las mercedes la cual tiene como objetivo ayudar al ordenamiento y descongestionamiento de los vehículos en esa zona, ya que por este sector transitan un volumen alto de vehículos livianos y pesados que penetran en la zona franca, instituciones gubernamentales, universidades, barrios aledaños y vehículos que viajan hacia el norte del país. Describe dos alternativas para el mejoramiento de esta, en las que se pretende mejorar la situación de los comerciantes y peatones, además del tráficos vehicular. 
650 7 |a CIRCULACIÓN Y MANTENIMIENTO DEL TRÁFICO - ZONA FRANCA 
650 7 |b RED VIAL - ZONA FRANCA - LAS MERCEDES 
650 7 |c CARACTERÍSTICAS AMBIENTALES Y TOPOGRÁFICAS - ZONA FRANCA 
650 7 |d PROPUESTA - MEJORAMIENTO VIAL - ZONA FRANCA - LAS MERCEDES 
650 7 |e IMPACTO AMBIENTAL - USO DE SUELO 
700 1 |a Tutor:  |b Bustamante Arteaga, José Fernando 
942 |c BK  |2 ddc 
991 |a TESIS 
999 |c 15594